<?xml version="1.0" encoding="UTF-8"?>
<record
    xmlns:xsi="http://www.w3.org/2001/XMLSchema-instance"
    xsi:schemaLocation="http://www.loc.gov/MARC21/slim http://www.loc.gov/standards/marcxml/schema/MARC21slim.xsd"
    xmlns="http://www.loc.gov/MARC21/slim">

  <leader>01165nas a2200289 454500</leader>
  <controlfield tag="001">26891</controlfield>
  <controlfield tag="005">20260407193507.0</controlfield>
  <controlfield tag="008">260407s1987####ag###########|||spa#d</controlfield>
  <controlfield tag="003">AR-UNSa-BCEJYS</controlfield>
  <datafield tag="040" ind1=" " ind2=" ">
    <subfield code="a">AR-UNSa-BCEJYS</subfield>
    <subfield code="b">spa</subfield>
    <subfield code="c">AR-UNSa-BCEJYS</subfield>
  </datafield>
  <datafield tag="080" ind1=" " ind2=" ">
    <subfield code="a">338</subfield>
    <subfield code="x">Situaci&#xF3;n econ&#xF3;mica. Pol&#xED;tica econ&#xF3;mica. Gesti&#xF3;n de la econom&#xED;a. Planificaci&#xF3;n de la econom&#xED;a. Producci&#xF3;n. Servicios. Precios</subfield>
  </datafield>
  <datafield tag="245" ind1="1" ind2="0">
    <subfield code="a">Informe sobre la situaci&#xF3;n de la actividad agropecuaria</subfield>
  </datafield>
  <datafield tag="264" ind1=" " ind2="1">
    <subfield code="a">Buenos Aires :</subfield>
    <subfield code="b">Banco R&#xED;o de la Plata</subfield>
    <subfield code="c">1987</subfield>
  </datafield>
  <datafield tag="310" ind1=" " ind2=" ">
    <subfield code="a">Frecuencia: Mensual</subfield>
  </datafield>
  <datafield tag="505" ind1=" " ind2=" ">
    <subfield code="a">A partir del N&#xBA; 8 cambia de t&#xED;tulo por Informe sobre la situaci&#xF3;n de la actividad econ&#xF3;mica</subfield>
  </datafield>
  <datafield tag="041" ind1=" " ind2=" ">
    <subfield code="a">spa</subfield>
  </datafield>
  <datafield tag="942" ind1=" " ind2=" ">
    <subfield code="c">SER</subfield>
  </datafield>
  <datafield tag="590" ind1=" " ind2=" ">
    <subfield code="a">niveau_biblio:s niveau_hierar:1</subfield>
  </datafield>
  <datafield tag="100" ind1="1" ind2=" ">
    <subfield code="a">Banco R&#xED;o de la Plata. Gerencia de Investigaciones Econ&#xF3;micas</subfield>
  </datafield>
  <datafield tag="650" ind1=" " ind2=" ">
    <subfield code="a">Inflaci&#xF3;n</subfield>
  </datafield>
  <datafield tag="650" ind1=" " ind2=" ">
    <subfield code="a">Investigaci&#xF3;n econ&#xF3;mica</subfield>
  </datafield>
  <datafield tag="650" ind1=" " ind2=" ">
    <subfield code="a">Salario</subfield>
  </datafield>
  <datafield tag="650" ind1=" " ind2=" ">
    <subfield code="a">COMERCIO EXTERIOR</subfield>
  </datafield>
  <datafield tag="650" ind1=" " ind2=" ">
    <subfield code="a">MERCADOS FINANCIEROS</subfield>
  </datafield>
  <datafield tag="650" ind1=" " ind2=" ">
    <subfield code="a">INDICADORES ECONOMICOS</subfield>
  </datafield>
  <datafield tag="856" ind1="4" ind2="1">
    <subfield code="u">https://biblioeco.unsa.edu.ar/pmb/images/revistas/Actividad Economica-r13091.jpg</subfield>
    <subfield code="y">Imagen de portada</subfield>
    <subfield code="q">image/jpeg</subfield>
  </datafield>
  <datafield tag="999" ind1=" " ind2=" ">
    <subfield code="c">8617</subfield>
    <subfield code="d">8617</subfield>
  </datafield>
  <datafield tag="952" ind1=" " ind2=" ">
    <subfield code="0">0</subfield>
    <subfield code="1">0</subfield>
    <subfield code="4">0</subfield>
    <subfield code="7">0</subfield>
    <subfield code="a">BCEJYS</subfield>
    <subfield code="b">BCEJYS</subfield>
    <subfield code="c">17</subfield>
    <subfield code="d">1997-05-01</subfield>
    <subfield code="h">A&#xF1;o XI, N&#xBA; 95 - mayo/jun. 1997</subfield>
    <subfield code="l">0</subfield>
    <subfield code="o">H338 SOB 95</subfield>
    <subfield code="p">R13094</subfield>
    <subfield code="r">2026-04-10 16:08:33</subfield>
    <subfield code="w">2026-04-10</subfield>
    <subfield code="y">RN</subfield>
  </datafield>
  <datafield tag="952" ind1=" " ind2=" ">
    <subfield code="0">0</subfield>
    <subfield code="1">0</subfield>
    <subfield code="4">0</subfield>
    <subfield code="7">0</subfield>
    <subfield code="a">BCEJYS</subfield>
    <subfield code="b">BCEJYS</subfield>
    <subfield code="c">17</subfield>
    <subfield code="d">1997-03-01</subfield>
    <subfield code="h">A&#xF1;o X, N&#xBA; 94 - mar./abr. 1997</subfield>
    <subfield code="l">0</subfield>
    <subfield code="o">H338 SOB 94</subfield>
    <subfield code="p">R13093</subfield>
    <subfield code="r">2026-04-10 16:08:33</subfield>
    <subfield code="w">2026-04-10</subfield>
    <subfield code="y">RN</subfield>
  </datafield>
  <datafield tag="952" ind1=" " ind2=" ">
    <subfield code="0">0</subfield>
    <subfield code="1">0</subfield>
    <subfield code="4">0</subfield>
    <subfield code="7">0</subfield>
    <subfield code="a">BCEJYS</subfield>
    <subfield code="b">BCEJYS</subfield>
    <subfield code="c">17</subfield>
    <subfield code="d">1997-01-01</subfield>
    <subfield code="h">A&#xF1;o X, N&#xBA; 93 - ene./feb. 1997</subfield>
    <subfield code="l">0</subfield>
    <subfield code="o">H338 SOB 93</subfield>
    <subfield code="p">R13092</subfield>
    <subfield code="r">2026-04-10 16:08:33</subfield>
    <subfield code="w">2026-04-10</subfield>
    <subfield code="y">RN</subfield>
  </datafield>
  <datafield tag="952" ind1=" " ind2=" ">
    <subfield code="0">0</subfield>
    <subfield code="1">0</subfield>
    <subfield code="4">0</subfield>
    <subfield code="7">0</subfield>
    <subfield code="a">BCEJYS</subfield>
    <subfield code="b">BCEJYS</subfield>
    <subfield code="c">17</subfield>
    <subfield code="d">1996-11-01</subfield>
    <subfield code="h">A&#xF1;o X, N&#xBA; 92 - nov./dic. 1996</subfield>
    <subfield code="l">0</subfield>
    <subfield code="o">H338 SOB 92</subfield>
    <subfield code="p">R13091</subfield>
    <subfield code="r">2026-04-10 16:08:33</subfield>
    <subfield code="w">2026-04-10</subfield>
    <subfield code="y">RN</subfield>
  </datafield>
  <datafield tag="952" ind1=" " ind2=" ">
    <subfield code="0">0</subfield>
    <subfield code="1">0</subfield>
    <subfield code="4">0</subfield>
    <subfield code="7">0</subfield>
    <subfield code="a">BCEJYS</subfield>
    <subfield code="b">BCEJYS</subfield>
    <subfield code="c">17</subfield>
    <subfield code="d">1996-09-01</subfield>
    <subfield code="h">A&#xF1;o X, N&#xBA; 91 - sep./oct. 1996</subfield>
    <subfield code="l">0</subfield>
    <subfield code="o">H338 SOB 91</subfield>
    <subfield code="p">R13090</subfield>
    <subfield code="r">2026-04-10 16:08:34</subfield>
    <subfield code="w">2026-04-10</subfield>
    <subfield code="y">RN</subfield>
  </datafield>
  <datafield tag="952" ind1=" " ind2=" ">
    <subfield code="0">0</subfield>
    <subfield code="1">0</subfield>
    <subfield code="4">0</subfield>
    <subfield code="7">0</subfield>
    <subfield code="a">BCEJYS</subfield>
    <subfield code="b">BCEJYS</subfield>
    <subfield code="c">17</subfield>
    <subfield code="d">1996-07-01</subfield>
    <subfield code="h">A&#xF1;o X, N&#xBA; 90 - jul./ago. 1996</subfield>
    <subfield code="l">0</subfield>
    <subfield code="o">H338 SOB 90</subfield>
    <subfield code="p">R13089</subfield>
    <subfield code="r">2026-04-10 16:08:34</subfield>
    <subfield code="w">2026-04-10</subfield>
    <subfield code="y">RN</subfield>
  </datafield>
  <datafield tag="952" ind1=" " ind2=" ">
    <subfield code="0">0</subfield>
    <subfield code="1">0</subfield>
    <subfield code="4">0</subfield>
    <subfield code="7">0</subfield>
    <subfield code="a">BCEJYS</subfield>
    <subfield code="b">BCEJYS</subfield>
    <subfield code="c">17</subfield>
    <subfield code="d">1996-03-01</subfield>
    <subfield code="h">A&#xF1;o X, N&#xBA; 88 - mar./abr. 1996</subfield>
    <subfield code="l">0</subfield>
    <subfield code="o">H338 SOB 88</subfield>
    <subfield code="p">R13088</subfield>
    <subfield code="r">2026-04-10 16:08:34</subfield>
    <subfield code="w">2026-04-10</subfield>
    <subfield code="y">RN</subfield>
  </datafield>
  <datafield tag="952" ind1=" " ind2=" ">
    <subfield code="0">0</subfield>
    <subfield code="1">0</subfield>
    <subfield code="4">0</subfield>
    <subfield code="7">0</subfield>
    <subfield code="a">BCEJYS</subfield>
    <subfield code="b">BCEJYS</subfield>
    <subfield code="c">17</subfield>
    <subfield code="d">1996-01-01</subfield>
    <subfield code="h">A&#xF1;o IX, N&#xBA; 87 - ene./feb. 1996</subfield>
    <subfield code="l">0</subfield>
    <subfield code="o">H338 SOB 87</subfield>
    <subfield code="p">R13087</subfield>
    <subfield code="r">2026-04-10 16:08:34</subfield>
    <subfield code="w">2026-04-10</subfield>
    <subfield code="y">RN</subfield>
  </datafield>
  <datafield tag="952" ind1=" " ind2=" ">
    <subfield code="0">0</subfield>
    <subfield code="1">0</subfield>
    <subfield code="4">0</subfield>
    <subfield code="7">0</subfield>
    <subfield code="a">BCEJYS</subfield>
    <subfield code="b">BCEJYS</subfield>
    <subfield code="c">17</subfield>
    <subfield code="d">1995-11-01</subfield>
    <subfield code="h">A&#xF1;o IX, N&#xBA; 86 - nov./dic. 1995</subfield>
    <subfield code="l">0</subfield>
    <subfield code="o">H338 SOB 86</subfield>
    <subfield code="p">R13086</subfield>
    <subfield code="r">2026-04-10 16:08:34</subfield>
    <subfield code="w">2026-04-10</subfield>
    <subfield code="y">RN</subfield>
  </datafield>
  <datafield tag="952" ind1=" " ind2=" ">
    <subfield code="0">0</subfield>
    <subfield code="1">0</subfield>
    <subfield code="4">0</subfield>
    <subfield code="7">0</subfield>
    <subfield code="a">BCEJYS</subfield>
    <subfield code="b">BCEJYS</subfield>
    <subfield code="c">17</subfield>
    <subfield code="d">1995-09-01</subfield>
    <subfield code="h">A&#xF1;o IX, N&#xBA; 85 - sep./oct. 1995</subfield>
    <subfield code="l">0</subfield>
    <subfield code="o">H338 SOB 85</subfield>
    <subfield code="p">R13085</subfield>
    <subfield code="r">2026-04-10 16:08:34</subfield>
    <subfield code="w">2026-04-10</subfield>
    <subfield code="y">RN</subfield>
  </datafield>
  <datafield tag="952" ind1=" " ind2=" ">
    <subfield code="0">0</subfield>
    <subfield code="1">0</subfield>
    <subfield code="4">0</subfield>
    <subfield code="7">0</subfield>
    <subfield code="a">BCEJYS</subfield>
    <subfield code="b">BCEJYS</subfield>
    <subfield code="c">17</subfield>
    <subfield code="d">1995-07-01</subfield>
    <subfield code="h">A&#xF1;o IX, N&#xBA; 84 - jul./ago 1995</subfield>
    <subfield code="l">0</subfield>
    <subfield code="o">H338 SOB 84</subfield>
    <subfield code="p">R13084</subfield>
    <subfield code="r">2026-04-10 16:08:34</subfield>
    <subfield code="w">2026-04-10</subfield>
    <subfield code="y">RN</subfield>
  </datafield>
  <datafield tag="952" ind1=" " ind2=" ">
    <subfield code="0">0</subfield>
    <subfield code="1">0</subfield>
    <subfield code="4">0</subfield>
    <subfield code="7">0</subfield>
    <subfield code="a">BCEJYS</subfield>
    <subfield code="b">BCEJYS</subfield>
    <subfield code="c">17</subfield>
    <subfield code="d">1995-05-01</subfield>
    <subfield code="h">A&#xF1;o IX, N&#xBA; 83 - mayo/jun. 1995</subfield>
    <subfield code="l">0</subfield>
    <subfield code="o">H338 SOB 83</subfield>
    <subfield code="p">R13083</subfield>
    <subfield code="r">2026-04-10 16:08:34</subfield>
    <subfield code="w">2026-04-10</subfield>
    <subfield code="y">RN</subfield>
  </datafield>
  <datafield tag="952" ind1=" " ind2=" ">
    <subfield code="0">0</subfield>
    <subfield code="1">0</subfield>
    <subfield code="4">0</subfield>
    <subfield code="7">0</subfield>
    <subfield code="a">BCEJYS</subfield>
    <subfield code="b">BCEJYS</subfield>
    <subfield code="c">17</subfield>
    <subfield code="d">1995-01-01</subfield>
    <subfield code="h">A&#xF1;o IX, N&#xBA; 82 - ene./abr. 1995</subfield>
    <subfield code="l">0</subfield>
    <subfield code="o">H338 SOB 82</subfield>
    <subfield code="p">R13082</subfield>
    <subfield code="r">2026-04-10 16:08:34</subfield>
    <subfield code="w">2026-04-10</subfield>
    <subfield code="y">RN</subfield>
  </datafield>
  <datafield tag="952" ind1=" " ind2=" ">
    <subfield code="0">0</subfield>
    <subfield code="1">0</subfield>
    <subfield code="4">0</subfield>
    <subfield code="7">0</subfield>
    <subfield code="a">BCEJYS</subfield>
    <subfield code="b">BCEJYS</subfield>
    <subfield code="c">17</subfield>
    <subfield code="d">1994-10-01</subfield>
    <subfield code="h">A&#xF1;o VIII, N&#xBA; 81 - oct./dic. 1994</subfield>
    <subfield code="l">0</subfield>
    <subfield code="o">H338 SOB 81</subfield>
    <subfield code="p">R13081</subfield>
    <subfield code="r">2026-04-10 16:08:34</subfield>
    <subfield code="w">2026-04-10</subfield>
    <subfield code="y">RN</subfield>
  </datafield>
  <datafield tag="952" ind1=" " ind2=" ">
    <subfield code="0">0</subfield>
    <subfield code="1">0</subfield>
    <subfield code="4">0</subfield>
    <subfield code="7">0</subfield>
    <subfield code="a">BCEJYS</subfield>
    <subfield code="b">BCEJYS</subfield>
    <subfield code="c">17</subfield>
    <subfield code="d">1994-08-01</subfield>
    <subfield code="h">A&#xF1;o VIII, N&#xBA; 80 - ago./sep. 1994</subfield>
    <subfield code="l">0</subfield>
    <subfield code="o">H338 SOB 80</subfield>
    <subfield code="p">R13080</subfield>
    <subfield code="r">2026-04-10 16:08:34</subfield>
    <subfield code="w">2026-04-10</subfield>
    <subfield code="y">RN</subfield>
  </datafield>
  <datafield tag="952" ind1=" " ind2=" ">
    <subfield code="0">0</subfield>
    <subfield code="1">0</subfield>
    <subfield code="4">0</subfield>
    <subfield code="7">0</subfield>
    <subfield code="a">BCEJYS</subfield>
    <subfield code="b">BCEJYS</subfield>
    <subfield code="c">17</subfield>
    <subfield code="d">1994-05-01</subfield>
    <subfield code="h">A&#xF1;o VIII, N&#xBA; 79 - mayo/jul. 1994</subfield>
    <subfield code="l">0</subfield>
    <subfield code="o">H338 SOB 79</subfield>
    <subfield code="p">R13079</subfield>
    <subfield code="r">2026-04-10 16:08:34</subfield>
    <subfield code="w">2026-04-10</subfield>
    <subfield code="y">RN</subfield>
  </datafield>
  <datafield tag="952" ind1=" " ind2=" ">
    <subfield code="0">0</subfield>
    <subfield code="1">0</subfield>
    <subfield code="4">0</subfield>
    <subfield code="7">0</subfield>
    <subfield code="a">BCEJYS</subfield>
    <subfield code="b">BCEJYS</subfield>
    <subfield code="c">17</subfield>
    <subfield code="d">1994-04-01</subfield>
    <subfield code="h">A&#xF1;o VIII, N&#xBA; 78 - abr. 1994</subfield>
    <subfield code="l">0</subfield>
    <subfield code="o">H338 SOB 78</subfield>
    <subfield code="p">R13078</subfield>
    <subfield code="r">2026-04-10 16:08:34</subfield>
    <subfield code="w">2026-04-10</subfield>
    <subfield code="y">RN</subfield>
  </datafield>
  <datafield tag="952" ind1=" " ind2=" ">
    <subfield code="0">0</subfield>
    <subfield code="1">0</subfield>
    <subfield code="4">0</subfield>
    <subfield code="7">0</subfield>
    <subfield code="a">BCEJYS</subfield>
    <subfield code="b">BCEJYS</subfield>
    <subfield code="c">17</subfield>
    <subfield code="d">1994-02-01</subfield>
    <subfield code="h">A&#xF1;o VII, N&#xBA; 76 - feb. 1994</subfield>
    <subfield code="l">0</subfield>
    <subfield code="o">H338 SOB 76</subfield>
    <subfield code="p">R13077</subfield>
    <subfield code="r">2026-04-10 16:08:34</subfield>
    <subfield code="w">2026-04-10</subfield>
    <subfield code="y">RN</subfield>
  </datafield>
  <datafield tag="952" ind1=" " ind2=" ">
    <subfield code="0">0</subfield>
    <subfield code="1">0</subfield>
    <subfield code="4">0</subfield>
    <subfield code="7">0</subfield>
    <subfield code="a">BCEJYS</subfield>
    <subfield code="b">BCEJYS</subfield>
    <subfield code="c">17</subfield>
    <subfield code="d">1994-01-01</subfield>
    <subfield code="h">A&#xF1;o VII, N&#xBA; 75 - ene. 1994</subfield>
    <subfield code="l">0</subfield>
    <subfield code="o">H338 SOB 75</subfield>
    <subfield code="p">R13076</subfield>
    <subfield code="r">2026-04-10 16:08:34</subfield>
    <subfield code="w">2026-04-10</subfield>
    <subfield code="y">RN</subfield>
  </datafield>
  <datafield tag="952" ind1=" " ind2=" ">
    <subfield code="0">0</subfield>
    <subfield code="1">0</subfield>
    <subfield code="4">0</subfield>
    <subfield code="7">0</subfield>
    <subfield code="a">BCEJYS</subfield>
    <subfield code="b">BCEJYS</subfield>
    <subfield code="c">17</subfield>
    <subfield code="d">1993-11-01</subfield>
    <subfield code="h">A&#xF1;o VII, N&#xBA; 73 - nov. 1993</subfield>
    <subfield code="l">0</subfield>
    <subfield code="o">H338 SOB 73</subfield>
    <subfield code="p">R13075</subfield>
    <subfield code="r">2026-04-10 16:08:34</subfield>
    <subfield code="w">2026-04-10</subfield>
    <subfield code="y">RN</subfield>
  </datafield>
  <datafield tag="952" ind1=" " ind2=" ">
    <subfield code="0">0</subfield>
    <subfield code="1">0</subfield>
    <subfield code="4">0</subfield>
    <subfield code="7">0</subfield>
    <subfield code="a">BCEJYS</subfield>
    <subfield code="b">BCEJYS</subfield>
    <subfield code="c">17</subfield>
    <subfield code="d">1993-10-01</subfield>
    <subfield code="h">A&#xF1;o VII, N&#xBA; 72 - oct. 1993</subfield>
    <subfield code="l">0</subfield>
    <subfield code="o">H338 SOB 72</subfield>
    <subfield code="p">R13074</subfield>
    <subfield code="r">2026-04-10 16:08:34</subfield>
    <subfield code="w">2026-04-10</subfield>
    <subfield code="y">RN</subfield>
  </datafield>
  <datafield tag="952" ind1=" " ind2=" ">
    <subfield code="0">0</subfield>
    <subfield code="1">0</subfield>
    <subfield code="4">0</subfield>
    <subfield code="7">0</subfield>
    <subfield code="a">BCEJYS</subfield>
    <subfield code="b">BCEJYS</subfield>
    <subfield code="c">17</subfield>
    <subfield code="d">1993-09-01</subfield>
    <subfield code="h">A&#xF1;o VII, N&#xBA; 71 - sep. 1993</subfield>
    <subfield code="l">0</subfield>
    <subfield code="o">H338 SOB 71</subfield>
    <subfield code="p">R13073</subfield>
    <subfield code="r">2026-04-10 16:08:34</subfield>
    <subfield code="w">2026-04-10</subfield>
    <subfield code="y">RN</subfield>
  </datafield>
  <datafield tag="952" ind1=" " ind2=" ">
    <subfield code="0">0</subfield>
    <subfield code="1">0</subfield>
    <subfield code="4">0</subfield>
    <subfield code="7">0</subfield>
    <subfield code="a">BCEJYS</subfield>
    <subfield code="b">BCEJYS</subfield>
    <subfield code="c">17</subfield>
    <subfield code="d">1993-08-01</subfield>
    <subfield code="h">A&#xF1;o VII, N&#xBA; 70 - ago. 1993</subfield>
    <subfield code="l">0</subfield>
    <subfield code="o">H338 SOB 70</subfield>
    <subfield code="p">R13072</subfield>
    <subfield code="r">2026-04-10 16:08:34</subfield>
    <subfield code="w">2026-04-10</subfield>
    <subfield code="y">RN</subfield>
  </datafield>
  <datafield tag="952" ind1=" " ind2=" ">
    <subfield code="0">0</subfield>
    <subfield code="1">0</subfield>
    <subfield code="4">0</subfield>
    <subfield code="7">0</subfield>
    <subfield code="a">BCEJYS</subfield>
    <subfield code="b">BCEJYS</subfield>
    <subfield code="c">17</subfield>
    <subfield code="d">1993-07-01</subfield>
    <subfield code="h">A&#xF1;o VII, N&#xBA; 69 - jul. 1993</subfield>
    <subfield code="l">0</subfield>
    <subfield code="o">H338 SOB 69</subfield>
    <subfield code="p">R13071</subfield>
    <subfield code="r">2026-04-10 16:08:34</subfield>
    <subfield code="w">2026-04-10</subfield>
    <subfield code="y">RN</subfield>
  </datafield>
  <datafield tag="952" ind1=" " ind2=" ">
    <subfield code="0">0</subfield>
    <subfield code="1">0</subfield>
    <subfield code="4">0</subfield>
    <subfield code="7">0</subfield>
    <subfield code="a">BCEJYS</subfield>
    <subfield code="b">BCEJYS</subfield>
    <subfield code="c">17</subfield>
    <subfield code="d">1993-06-01</subfield>
    <subfield code="h">A&#xF1;o VII, N&#xBA; 68 - jun. 1993</subfield>
    <subfield code="l">0</subfield>
    <subfield code="o">H338 SOB 68</subfield>
    <subfield code="p">R13070</subfield>
    <subfield code="r">2026-04-10 16:08:34</subfield>
    <subfield code="w">2026-04-10</subfield>
    <subfield code="y">RN</subfield>
  </datafield>
  <datafield tag="952" ind1=" " ind2=" ">
    <subfield code="0">0</subfield>
    <subfield code="1">0</subfield>
    <subfield code="4">0</subfield>
    <subfield code="7">0</subfield>
    <subfield code="a">BCEJYS</subfield>
    <subfield code="b">BCEJYS</subfield>
    <subfield code="c">17</subfield>
    <subfield code="d">1993-05-01</subfield>
    <subfield code="h">A&#xF1;o VII, N&#xBA; 67 - mayo 1993</subfield>
    <subfield code="l">0</subfield>
    <subfield code="o">H338 SOB 67</subfield>
    <subfield code="p">R13069</subfield>
    <subfield code="r">2026-04-10 16:08:34</subfield>
    <subfield code="w">2026-04-10</subfield>
    <subfield code="y">RN</subfield>
  </datafield>
  <datafield tag="952" ind1=" " ind2=" ">
    <subfield code="0">0</subfield>
    <subfield code="1">0</subfield>
    <subfield code="4">0</subfield>
    <subfield code="7">0</subfield>
    <subfield code="a">BCEJYS</subfield>
    <subfield code="b">BCEJYS</subfield>
    <subfield code="c">17</subfield>
    <subfield code="d">1993-04-01</subfield>
    <subfield code="h">A&#xF1;o VII, N&#xBA; 66 - abr. 1993</subfield>
    <subfield code="l">0</subfield>
    <subfield code="o">H338 SOB 66</subfield>
    <subfield code="p">R13068</subfield>
    <subfield code="r">2026-04-10 16:08:34</subfield>
    <subfield code="w">2026-04-10</subfield>
    <subfield code="y">RN</subfield>
  </datafield>
  <datafield tag="952" ind1=" " ind2=" ">
    <subfield code="0">0</subfield>
    <subfield code="1">0</subfield>
    <subfield code="4">0</subfield>
    <subfield code="7">0</subfield>
    <subfield code="a">BCEJYS</subfield>
    <subfield code="b">BCEJYS</subfield>
    <subfield code="c">17</subfield>
    <subfield code="d">1993-02-01</subfield>
    <subfield code="h">A&#xF1;o VI, N&#xBA; 64 - feb. 1993</subfield>
    <subfield code="l">0</subfield>
    <subfield code="o">H338 SOB 64</subfield>
    <subfield code="p">R13067</subfield>
    <subfield code="r">2026-04-10 16:08:34</subfield>
    <subfield code="w">2026-04-10</subfield>
    <subfield code="y">RN</subfield>
  </datafield>
  <datafield tag="952" ind1=" " ind2=" ">
    <subfield code="0">0</subfield>
    <subfield code="1">0</subfield>
    <subfield code="4">0</subfield>
    <subfield code="7">0</subfield>
    <subfield code="a">BCEJYS</subfield>
    <subfield code="b">BCEJYS</subfield>
    <subfield code="c">17</subfield>
    <subfield code="d">1993-01-01</subfield>
    <subfield code="h">A&#xF1;o VI, N&#xBA; 63 - ene. 1993</subfield>
    <subfield code="l">0</subfield>
    <subfield code="o">H338 SOB 63</subfield>
    <subfield code="p">R13066</subfield>
    <subfield code="r">2026-04-10 16:08:34</subfield>
    <subfield code="w">2026-04-10</subfield>
    <subfield code="y">RN</subfield>
  </datafield>
  <datafield tag="952" ind1=" " ind2=" ">
    <subfield code="0">0</subfield>
    <subfield code="1">0</subfield>
    <subfield code="4">0</subfield>
    <subfield code="7">0</subfield>
    <subfield code="a">BCEJYS</subfield>
    <subfield code="b">BCEJYS</subfield>
    <subfield code="c">17</subfield>
    <subfield code="d">1992-12-01</subfield>
    <subfield code="h">A&#xF1;o VI, N&#xBA; 62 - dic. 1992</subfield>
    <subfield code="l">0</subfield>
    <subfield code="o">H338 SOB 62</subfield>
    <subfield code="p">R13065</subfield>
    <subfield code="r">2026-04-10 16:08:34</subfield>
    <subfield code="w">2026-04-10</subfield>
    <subfield code="y">RN</subfield>
  </datafield>
  <datafield tag="952" ind1=" " ind2=" ">
    <subfield code="0">0</subfield>
    <subfield code="1">0</subfield>
    <subfield code="4">0</subfield>
    <subfield code="7">0</subfield>
    <subfield code="a">BCEJYS</subfield>
    <subfield code="b">BCEJYS</subfield>
    <subfield code="c">17</subfield>
    <subfield code="d">1992-11-01</subfield>
    <subfield code="h">A&#xF1;o VI, N&#xBA; 61 - nov. 1992</subfield>
    <subfield code="l">0</subfield>
    <subfield code="o">H338 SOB 61</subfield>
    <subfield code="p">R13064</subfield>
    <subfield code="r">2026-04-10 16:08:34</subfield>
    <subfield code="w">2026-04-10</subfield>
    <subfield code="y">RN</subfield>
  </datafield>
  <datafield tag="952" ind1=" " ind2=" ">
    <subfield code="0">0</subfield>
    <subfield code="1">0</subfield>
    <subfield code="4">0</subfield>
    <subfield code="7">0</subfield>
    <subfield code="a">BCEJYS</subfield>
    <subfield code="b">BCEJYS</subfield>
    <subfield code="c">17</subfield>
    <subfield code="d">1992-10-01</subfield>
    <subfield code="h">A&#xF1;o VI, N&#xBA; 60 - oct. 1992</subfield>
    <subfield code="l">0</subfield>
    <subfield code="o">H338 SOB 60</subfield>
    <subfield code="p">R13063</subfield>
    <subfield code="r">2026-04-10 16:08:34</subfield>
    <subfield code="w">2026-04-10</subfield>
    <subfield code="y">RN</subfield>
  </datafield>
  <datafield tag="952" ind1=" " ind2=" ">
    <subfield code="0">0</subfield>
    <subfield code="1">0</subfield>
    <subfield code="4">0</subfield>
    <subfield code="7">0</subfield>
    <subfield code="a">BCEJYS</subfield>
    <subfield code="b">BCEJYS</subfield>
    <subfield code="c">17</subfield>
    <subfield code="d">1992-08-01</subfield>
    <subfield code="h">A&#xF1;o VI, N&#xBA; 58 - ago. 1992</subfield>
    <subfield code="l">0</subfield>
    <subfield code="o">H338 SOB 58</subfield>
    <subfield code="p">R13062</subfield>
    <subfield code="r">2026-04-10 16:08:34</subfield>
    <subfield code="w">2026-04-10</subfield>
    <subfield code="y">RN</subfield>
  </datafield>
  <datafield tag="952" ind1=" " ind2=" ">
    <subfield code="0">0</subfield>
    <subfield code="1">0</subfield>
    <subfield code="4">0</subfield>
    <subfield code="7">0</subfield>
    <subfield code="a">BCEJYS</subfield>
    <subfield code="b">BCEJYS</subfield>
    <subfield code="c">17</subfield>
    <subfield code="d">1992-07-01</subfield>
    <subfield code="h">A&#xF1;o VI, N&#xBA; 57 - jul. 1992</subfield>
    <subfield code="l">0</subfield>
    <subfield code="o">H338 SOB 57</subfield>
    <subfield code="p">R13061</subfield>
    <subfield code="r">2026-04-10 16:08:34</subfield>
    <subfield code="w">2026-04-10</subfield>
    <subfield code="y">RN</subfield>
  </datafield>
  <datafield tag="952" ind1=" " ind2=" ">
    <subfield code="0">0</subfield>
    <subfield code="1">0</subfield>
    <subfield code="4">0</subfield>
    <subfield code="7">0</subfield>
    <subfield code="a">BCEJYS</subfield>
    <subfield code="b">BCEJYS</subfield>
    <subfield code="c">17</subfield>
    <subfield code="d">1992-06-01</subfield>
    <subfield code="h">A&#xF1;o VI, N&#xBA; 56 - jun. 1992</subfield>
    <subfield code="l">0</subfield>
    <subfield code="o">H338 SOB 56</subfield>
    <subfield code="p">R13060</subfield>
    <subfield code="r">2026-04-10 16:08:34</subfield>
    <subfield code="w">2026-04-10</subfield>
    <subfield code="y">RN</subfield>
  </datafield>
  <datafield tag="952" ind1=" " ind2=" ">
    <subfield code="0">0</subfield>
    <subfield code="1">0</subfield>
    <subfield code="4">0</subfield>
    <subfield code="7">0</subfield>
    <subfield code="a">BCEJYS</subfield>
    <subfield code="b">BCEJYS</subfield>
    <subfield code="c">17</subfield>
    <subfield code="d">1992-05-01</subfield>
    <subfield code="h">A&#xF1;o VI, N&#xBA; 55 - mayo 1992</subfield>
    <subfield code="l">0</subfield>
    <subfield code="o">H338 SOB 55</subfield>
    <subfield code="p">R13059</subfield>
    <subfield code="r">2026-04-10 16:08:34</subfield>
    <subfield code="w">2026-04-10</subfield>
    <subfield code="y">RN</subfield>
  </datafield>
  <datafield tag="952" ind1=" " ind2=" ">
    <subfield code="0">0</subfield>
    <subfield code="1">0</subfield>
    <subfield code="4">0</subfield>
    <subfield code="7">0</subfield>
    <subfield code="a">BCEJYS</subfield>
    <subfield code="b">BCEJYS</subfield>
    <subfield code="c">17</subfield>
    <subfield code="d">1992-04-01</subfield>
    <subfield code="h">A&#xF1;o VI, N&#xBA; 54 - abr. 1992</subfield>
    <subfield code="l">0</subfield>
    <subfield code="o">H338 SOB 54</subfield>
    <subfield code="p">R13058</subfield>
    <subfield code="r">2026-04-10 16:08:34</subfield>
    <subfield code="w">2026-04-10</subfield>
    <subfield code="y">RN</subfield>
  </datafield>
  <datafield tag="952" ind1=" " ind2=" ">
    <subfield code="0">0</subfield>
    <subfield code="1">0</subfield>
    <subfield code="4">0</subfield>
    <subfield code="7">0</subfield>
    <subfield code="a">BCEJYS</subfield>
    <subfield code="b">BCEJYS</subfield>
    <subfield code="c">17</subfield>
    <subfield code="d">1992-03-01</subfield>
    <subfield code="h">A&#xF1;o V, N&#xBA; 53 - mar. 1992</subfield>
    <subfield code="l">0</subfield>
    <subfield code="o">H338 SOB 53</subfield>
    <subfield code="p">R13057</subfield>
    <subfield code="r">2026-04-10 16:08:34</subfield>
    <subfield code="w">2026-04-10</subfield>
    <subfield code="y">RN</subfield>
  </datafield>
  <datafield tag="952" ind1=" " ind2=" ">
    <subfield code="0">0</subfield>
    <subfield code="1">0</subfield>
    <subfield code="4">0</subfield>
    <subfield code="7">0</subfield>
    <subfield code="a">BCEJYS</subfield>
    <subfield code="b">BCEJYS</subfield>
    <subfield code="c">17</subfield>
    <subfield code="d">1992-02-01</subfield>
    <subfield code="h">A&#xF1;o V, N&#xBA; 52 - feb. 1992</subfield>
    <subfield code="l">0</subfield>
    <subfield code="o">H338 SOB 52</subfield>
    <subfield code="p">R13056</subfield>
    <subfield code="r">2026-04-10 16:08:34</subfield>
    <subfield code="w">2026-04-10</subfield>
    <subfield code="y">RN</subfield>
  </datafield>
  <datafield tag="952" ind1=" " ind2=" ">
    <subfield code="0">0</subfield>
    <subfield code="1">0</subfield>
    <subfield code="4">0</subfield>
    <subfield code="7">0</subfield>
    <subfield code="a">BCEJYS</subfield>
    <subfield code="b">BCEJYS</subfield>
    <subfield code="c">17</subfield>
    <subfield code="d">1991-11-01</subfield>
    <subfield code="h">A&#xF1;o V, N&#xBA; 50 - nov. 1991</subfield>
    <subfield code="l">0</subfield>
    <subfield code="o">H338 SOB 50</subfield>
    <subfield code="p">R13055</subfield>
    <subfield code="r">2026-04-10 16:08:34</subfield>
    <subfield code="w">2026-04-10</subfield>
    <subfield code="y">RN</subfield>
  </datafield>
  <datafield tag="952" ind1=" " ind2=" ">
    <subfield code="0">0</subfield>
    <subfield code="1">0</subfield>
    <subfield code="4">0</subfield>
    <subfield code="7">0</subfield>
    <subfield code="a">BCEJYS</subfield>
    <subfield code="b">BCEJYS</subfield>
    <subfield code="c">17</subfield>
    <subfield code="d">1991-10-01</subfield>
    <subfield code="h">A&#xF1;o V, N&#xBA; 49 - oct. 1991</subfield>
    <subfield code="l">0</subfield>
    <subfield code="o">H338 SOB 49</subfield>
    <subfield code="p">R13054</subfield>
    <subfield code="r">2026-04-10 16:08:34</subfield>
    <subfield code="w">2026-04-10</subfield>
    <subfield code="y">RN</subfield>
  </datafield>
  <datafield tag="952" ind1=" " ind2=" ">
    <subfield code="0">0</subfield>
    <subfield code="1">0</subfield>
    <subfield code="4">0</subfield>
    <subfield code="7">0</subfield>
    <subfield code="a">BCEJYS</subfield>
    <subfield code="b">BCEJYS</subfield>
    <subfield code="c">17</subfield>
    <subfield code="d">1991-09-01</subfield>
    <subfield code="h">A&#xF1;o V, N&#xBA; 48 - sep. 1991</subfield>
    <subfield code="l">0</subfield>
    <subfield code="o">H338 SOB 48</subfield>
    <subfield code="p">R13053</subfield>
    <subfield code="r">2026-04-10 16:08:34</subfield>
    <subfield code="w">2026-04-10</subfield>
    <subfield code="y">RN</subfield>
  </datafield>
  <datafield tag="952" ind1=" " ind2=" ">
    <subfield code="0">0</subfield>
    <subfield code="1">0</subfield>
    <subfield code="4">0</subfield>
    <subfield code="7">0</subfield>
    <subfield code="a">BCEJYS</subfield>
    <subfield code="b">BCEJYS</subfield>
    <subfield code="c">17</subfield>
    <subfield code="d">1991-08-01</subfield>
    <subfield code="h">A&#xF1;o V, N&#xBA; 47 - ago. 1991</subfield>
    <subfield code="l">0</subfield>
    <subfield code="o">H338 SOB 47</subfield>
    <subfield code="p">R13052</subfield>
    <subfield code="r">2026-04-10 16:08:34</subfield>
    <subfield code="w">2026-04-10</subfield>
    <subfield code="y">RN</subfield>
  </datafield>
  <datafield tag="952" ind1=" " ind2=" ">
    <subfield code="0">0</subfield>
    <subfield code="1">0</subfield>
    <subfield code="4">0</subfield>
    <subfield code="7">0</subfield>
    <subfield code="a">BCEJYS</subfield>
    <subfield code="b">BCEJYS</subfield>
    <subfield code="c">17</subfield>
    <subfield code="d">1991-07-01</subfield>
    <subfield code="h">A&#xF1;o V, N&#xBA; 46 - jul. 1991</subfield>
    <subfield code="l">0</subfield>
    <subfield code="o">H338 SOB 46</subfield>
    <subfield code="p">R13051</subfield>
    <subfield code="r">2026-04-10 16:08:34</subfield>
    <subfield code="w">2026-04-10</subfield>
    <subfield code="y">RN</subfield>
  </datafield>
  <datafield tag="952" ind1=" " ind2=" ">
    <subfield code="0">0</subfield>
    <subfield code="1">0</subfield>
    <subfield code="4">0</subfield>
    <subfield code="7">0</subfield>
    <subfield code="a">BCEJYS</subfield>
    <subfield code="b">BCEJYS</subfield>
    <subfield code="c">17</subfield>
    <subfield code="d">1991-06-01</subfield>
    <subfield code="h">A&#xF1;o V, N&#xBA; 45 - jun. 1991</subfield>
    <subfield code="l">0</subfield>
    <subfield code="o">H338 SOB 45</subfield>
    <subfield code="p">R13050</subfield>
    <subfield code="r">2026-04-10 16:08:34</subfield>
    <subfield code="w">2026-04-10</subfield>
    <subfield code="y">RN</subfield>
  </datafield>
  <datafield tag="952" ind1=" " ind2=" ">
    <subfield code="0">0</subfield>
    <subfield code="1">0</subfield>
    <subfield code="4">0</subfield>
    <subfield code="7">0</subfield>
    <subfield code="a">BCEJYS</subfield>
    <subfield code="b">BCEJYS</subfield>
    <subfield code="c">17</subfield>
    <subfield code="d">1991-05-01</subfield>
    <subfield code="h">A&#xF1;o V, N&#xBA; 44 - mayo 1991</subfield>
    <subfield code="l">0</subfield>
    <subfield code="o">H338 SOB 44</subfield>
    <subfield code="p">R13049</subfield>
    <subfield code="r">2026-04-10 16:08:34</subfield>
    <subfield code="w">2026-04-10</subfield>
    <subfield code="y">RN</subfield>
  </datafield>
  <datafield tag="952" ind1=" " ind2=" ">
    <subfield code="0">0</subfield>
    <subfield code="1">0</subfield>
    <subfield code="4">0</subfield>
    <subfield code="7">0</subfield>
    <subfield code="a">BCEJYS</subfield>
    <subfield code="b">BCEJYS</subfield>
    <subfield code="c">17</subfield>
    <subfield code="d">1991-04-01</subfield>
    <subfield code="h">A&#xF1;o V, N&#xBA; 43 - abr. 1991</subfield>
    <subfield code="l">0</subfield>
    <subfield code="o">H338 SOB 43</subfield>
    <subfield code="p">R13048</subfield>
    <subfield code="r">2026-04-10 16:08:34</subfield>
    <subfield code="w">2026-04-10</subfield>
    <subfield code="y">RN</subfield>
  </datafield>
  <datafield tag="952" ind1=" " ind2=" ">
    <subfield code="0">0</subfield>
    <subfield code="1">0</subfield>
    <subfield code="4">0</subfield>
    <subfield code="7">0</subfield>
    <subfield code="a">BCEJYS</subfield>
    <subfield code="b">BCEJYS</subfield>
    <subfield code="c">17</subfield>
    <subfield code="d">1991-02-01</subfield>
    <subfield code="h">A&#xF1;o IV, N&#xBA; 41 - feb. 1991</subfield>
    <subfield code="l">0</subfield>
    <subfield code="o">H338 SOB 41</subfield>
    <subfield code="p">R13047</subfield>
    <subfield code="r">2026-04-10 16:08:34</subfield>
    <subfield code="w">2026-04-10</subfield>
    <subfield code="y">RN</subfield>
  </datafield>
  <datafield tag="952" ind1=" " ind2=" ">
    <subfield code="0">0</subfield>
    <subfield code="1">0</subfield>
    <subfield code="4">0</subfield>
    <subfield code="7">0</subfield>
    <subfield code="a">BCEJYS</subfield>
    <subfield code="b">BCEJYS</subfield>
    <subfield code="c">17</subfield>
    <subfield code="d">1990-12-01</subfield>
    <subfield code="h">A&#xF1;o IV, N&#xBA; 40 - dic. 1990</subfield>
    <subfield code="l">0</subfield>
    <subfield code="o">H338 SOB 40</subfield>
    <subfield code="p">R13046</subfield>
    <subfield code="r">2026-04-10 16:08:34</subfield>
    <subfield code="w">2026-04-10</subfield>
    <subfield code="y">RN</subfield>
  </datafield>
  <datafield tag="952" ind1=" " ind2=" ">
    <subfield code="0">0</subfield>
    <subfield code="1">0</subfield>
    <subfield code="4">0</subfield>
    <subfield code="7">0</subfield>
    <subfield code="a">BCEJYS</subfield>
    <subfield code="b">BCEJYS</subfield>
    <subfield code="c">17</subfield>
    <subfield code="d">1990-11-01</subfield>
    <subfield code="h">A&#xF1;o IV, N&#xBA; 39 - nov. 1990</subfield>
    <subfield code="l">0</subfield>
    <subfield code="o">H338 SOB 39</subfield>
    <subfield code="p">R13045</subfield>
    <subfield code="r">2026-04-10 16:08:34</subfield>
    <subfield code="w">2026-04-10</subfield>
    <subfield code="y">RN</subfield>
  </datafield>
  <datafield tag="952" ind1=" " ind2=" ">
    <subfield code="0">0</subfield>
    <subfield code="1">0</subfield>
    <subfield code="4">0</subfield>
    <subfield code="7">0</subfield>
    <subfield code="a">BCEJYS</subfield>
    <subfield code="b">BCEJYS</subfield>
    <subfield code="c">17</subfield>
    <subfield code="d">1990-10-01</subfield>
    <subfield code="h">A&#xF1;o IV, N&#xBA; 38 - oct. 1990</subfield>
    <subfield code="l">0</subfield>
    <subfield code="o">H338 SOB 38</subfield>
    <subfield code="p">R13044</subfield>
    <subfield code="r">2026-04-10 16:08:34</subfield>
    <subfield code="w">2026-04-10</subfield>
    <subfield code="y">RN</subfield>
  </datafield>
  <datafield tag="952" ind1=" " ind2=" ">
    <subfield code="0">0</subfield>
    <subfield code="1">0</subfield>
    <subfield code="4">0</subfield>
    <subfield code="7">0</subfield>
    <subfield code="a">BCEJYS</subfield>
    <subfield code="b">BCEJYS</subfield>
    <subfield code="c">17</subfield>
    <subfield code="d">1990-09-01</subfield>
    <subfield code="h">A&#xF1;o IV, N&#xBA; 37 - sep. 1990</subfield>
    <subfield code="l">0</subfield>
    <subfield code="o">H338 SOB 37</subfield>
    <subfield code="p">R13043</subfield>
    <subfield code="r">2026-04-10 16:08:34</subfield>
    <subfield code="w">2026-04-10</subfield>
    <subfield code="y">RN</subfield>
  </datafield>
  <datafield tag="952" ind1=" " ind2=" ">
    <subfield code="0">0</subfield>
    <subfield code="1">0</subfield>
    <subfield code="4">0</subfield>
    <subfield code="7">0</subfield>
    <subfield code="a">BCEJYS</subfield>
    <subfield code="b">BCEJYS</subfield>
    <subfield code="c">17</subfield>
    <subfield code="d">1990-08-01</subfield>
    <subfield code="h">A&#xF1;o IV, N&#xBA; 36 - ago. 1990</subfield>
    <subfield code="l">0</subfield>
    <subfield code="o">H338 SOB 36</subfield>
    <subfield code="p">R13042</subfield>
    <subfield code="r">2026-04-10 16:08:34</subfield>
    <subfield code="w">2026-04-10</subfield>
    <subfield code="y">RN</subfield>
  </datafield>
  <datafield tag="952" ind1=" " ind2=" ">
    <subfield code="0">0</subfield>
    <subfield code="1">0</subfield>
    <subfield code="4">0</subfield>
    <subfield code="7">0</subfield>
    <subfield code="a">BCEJYS</subfield>
    <subfield code="b">BCEJYS</subfield>
    <subfield code="c">17</subfield>
    <subfield code="d">1990-06-01</subfield>
    <subfield code="h">A&#xF1;o IV, N&#xBA; 34 - jun. 1990</subfield>
    <subfield code="l">0</subfield>
    <subfield code="o">H338 SOB 34</subfield>
    <subfield code="p">R13041</subfield>
    <subfield code="r">2026-04-10 16:08:34</subfield>
    <subfield code="w">2026-04-10</subfield>
    <subfield code="y">RN</subfield>
  </datafield>
  <datafield tag="952" ind1=" " ind2=" ">
    <subfield code="0">0</subfield>
    <subfield code="1">0</subfield>
    <subfield code="4">0</subfield>
    <subfield code="7">0</subfield>
    <subfield code="a">BCEJYS</subfield>
    <subfield code="b">BCEJYS</subfield>
    <subfield code="c">17</subfield>
    <subfield code="d">1990-05-01</subfield>
    <subfield code="h">A&#xF1;o IV, N&#xBA; 33 - mayo 1990</subfield>
    <subfield code="l">0</subfield>
    <subfield code="o">H338 SOB 33</subfield>
    <subfield code="p">R13040</subfield>
    <subfield code="r">2026-04-10 16:08:34</subfield>
    <subfield code="w">2026-04-10</subfield>
    <subfield code="y">RN</subfield>
  </datafield>
  <datafield tag="952" ind1=" " ind2=" ">
    <subfield code="0">0</subfield>
    <subfield code="1">0</subfield>
    <subfield code="4">0</subfield>
    <subfield code="7">0</subfield>
    <subfield code="a">BCEJYS</subfield>
    <subfield code="b">BCEJYS</subfield>
    <subfield code="c">17</subfield>
    <subfield code="d">1990-03-01</subfield>
    <subfield code="h">A&#xF1;o III, N&#xBA; 31 - mar. 1990</subfield>
    <subfield code="l">0</subfield>
    <subfield code="o">H338 SOB 31</subfield>
    <subfield code="p">R13039</subfield>
    <subfield code="r">2026-04-10 16:08:34</subfield>
    <subfield code="w">2026-04-10</subfield>
    <subfield code="y">RN</subfield>
  </datafield>
  <datafield tag="952" ind1=" " ind2=" ">
    <subfield code="0">0</subfield>
    <subfield code="1">0</subfield>
    <subfield code="4">0</subfield>
    <subfield code="7">0</subfield>
    <subfield code="a">BCEJYS</subfield>
    <subfield code="b">BCEJYS</subfield>
    <subfield code="c">17</subfield>
    <subfield code="d">1990-02-01</subfield>
    <subfield code="h">A&#xF1;o III, N&#xBA; 30 - feb. 1990</subfield>
    <subfield code="l">0</subfield>
    <subfield code="o">H338 SOB 30</subfield>
    <subfield code="p">R13038</subfield>
    <subfield code="r">2026-04-10 16:08:34</subfield>
    <subfield code="w">2026-04-10</subfield>
    <subfield code="y">RN</subfield>
  </datafield>
  <datafield tag="952" ind1=" " ind2=" ">
    <subfield code="0">0</subfield>
    <subfield code="1">0</subfield>
    <subfield code="4">0</subfield>
    <subfield code="7">0</subfield>
    <subfield code="a">BCEJYS</subfield>
    <subfield code="b">BCEJYS</subfield>
    <subfield code="c">17</subfield>
    <subfield code="d">1989-12-01</subfield>
    <subfield code="h">A&#xF1;o III, N&#xBA; 29 - dic. 1989</subfield>
    <subfield code="l">0</subfield>
    <subfield code="o">H338 SOB 29</subfield>
    <subfield code="p">R13099</subfield>
    <subfield code="r">2026-04-10 16:08:34</subfield>
    <subfield code="w">2026-04-10</subfield>
    <subfield code="y">RN</subfield>
  </datafield>
  <datafield tag="952" ind1=" " ind2=" ">
    <subfield code="0">0</subfield>
    <subfield code="1">0</subfield>
    <subfield code="4">0</subfield>
    <subfield code="7">0</subfield>
    <subfield code="a">BCEJYS</subfield>
    <subfield code="b">BCEJYS</subfield>
    <subfield code="c">17</subfield>
    <subfield code="d">1989-11-01</subfield>
    <subfield code="h">A&#xF1;o III, N&#xBA; 28 - nov. 1989</subfield>
    <subfield code="l">0</subfield>
    <subfield code="o">H338 SOB 28</subfield>
    <subfield code="p">R13037</subfield>
    <subfield code="r">2026-04-10 16:08:34</subfield>
    <subfield code="w">2026-04-10</subfield>
    <subfield code="y">RN</subfield>
  </datafield>
  <datafield tag="952" ind1=" " ind2=" ">
    <subfield code="0">0</subfield>
    <subfield code="1">0</subfield>
    <subfield code="4">0</subfield>
    <subfield code="7">0</subfield>
    <subfield code="a">BCEJYS</subfield>
    <subfield code="b">BCEJYS</subfield>
    <subfield code="c">17</subfield>
    <subfield code="d">1989-10-01</subfield>
    <subfield code="h">A&#xF1;o III, N&#xBA; 27 - oct. 1989</subfield>
    <subfield code="l">0</subfield>
    <subfield code="o">H338 SOB 27</subfield>
    <subfield code="p">R13036</subfield>
    <subfield code="r">2026-04-10 16:08:34</subfield>
    <subfield code="w">2026-04-10</subfield>
    <subfield code="y">RN</subfield>
  </datafield>
  <datafield tag="952" ind1=" " ind2=" ">
    <subfield code="0">0</subfield>
    <subfield code="1">0</subfield>
    <subfield code="4">0</subfield>
    <subfield code="7">0</subfield>
    <subfield code="a">BCEJYS</subfield>
    <subfield code="b">BCEJYS</subfield>
    <subfield code="c">17</subfield>
    <subfield code="d">1989-09-01</subfield>
    <subfield code="h">A&#xF1;o III, N&#xBA; 26 - sep. 1989</subfield>
    <subfield code="l">0</subfield>
    <subfield code="o">H338 SOB 26</subfield>
    <subfield code="p">R13035</subfield>
    <subfield code="r">2026-04-10 16:08:34</subfield>
    <subfield code="w">2026-04-10</subfield>
    <subfield code="y">RN</subfield>
  </datafield>
  <datafield tag="952" ind1=" " ind2=" ">
    <subfield code="0">0</subfield>
    <subfield code="1">0</subfield>
    <subfield code="4">0</subfield>
    <subfield code="7">0</subfield>
    <subfield code="a">BCEJYS</subfield>
    <subfield code="b">BCEJYS</subfield>
    <subfield code="c">17</subfield>
    <subfield code="d">1989-08-01</subfield>
    <subfield code="h">A&#xF1;o III, N&#xBA; 25 - ago. 1989</subfield>
    <subfield code="l">0</subfield>
    <subfield code="o">H338 SOB 25</subfield>
    <subfield code="p">R13034</subfield>
    <subfield code="r">2026-04-10 16:08:34</subfield>
    <subfield code="w">2026-04-10</subfield>
    <subfield code="y">RN</subfield>
  </datafield>
  <datafield tag="952" ind1=" " ind2=" ">
    <subfield code="0">0</subfield>
    <subfield code="1">0</subfield>
    <subfield code="4">0</subfield>
    <subfield code="7">0</subfield>
    <subfield code="a">BCEJYS</subfield>
    <subfield code="b">BCEJYS</subfield>
    <subfield code="c">17</subfield>
    <subfield code="d">1989-07-01</subfield>
    <subfield code="h">A&#xF1;o III, N&#xBA; 24 - jul. 1989</subfield>
    <subfield code="l">0</subfield>
    <subfield code="o">H338 SOB 24</subfield>
    <subfield code="p">R13033</subfield>
    <subfield code="r">2026-04-10 16:08:34</subfield>
    <subfield code="w">2026-04-10</subfield>
    <subfield code="y">RN</subfield>
  </datafield>
  <datafield tag="952" ind1=" " ind2=" ">
    <subfield code="0">0</subfield>
    <subfield code="1">0</subfield>
    <subfield code="4">0</subfield>
    <subfield code="7">0</subfield>
    <subfield code="a">BCEJYS</subfield>
    <subfield code="b">BCEJYS</subfield>
    <subfield code="c">17</subfield>
    <subfield code="d">1989-06-01</subfield>
    <subfield code="h">A&#xF1;o III, N&#xBA; 23 - jun. 1989</subfield>
    <subfield code="l">0</subfield>
    <subfield code="o">H338 SOB 23</subfield>
    <subfield code="p">R13032</subfield>
    <subfield code="r">2026-04-10 16:08:34</subfield>
    <subfield code="w">2026-04-10</subfield>
    <subfield code="y">RN</subfield>
  </datafield>
  <datafield tag="952" ind1=" " ind2=" ">
    <subfield code="0">0</subfield>
    <subfield code="1">0</subfield>
    <subfield code="4">0</subfield>
    <subfield code="7">0</subfield>
    <subfield code="a">BCEJYS</subfield>
    <subfield code="b">BCEJYS</subfield>
    <subfield code="c">17</subfield>
    <subfield code="d">1989-05-01</subfield>
    <subfield code="h">A&#xF1;o II, N&#xBA; 22 - mayo 1989</subfield>
    <subfield code="l">0</subfield>
    <subfield code="o">H338 SOB 22</subfield>
    <subfield code="p">R13031</subfield>
    <subfield code="r">2026-04-10 16:08:34</subfield>
    <subfield code="w">2026-04-10</subfield>
    <subfield code="y">RN</subfield>
  </datafield>
  <datafield tag="952" ind1=" " ind2=" ">
    <subfield code="0">0</subfield>
    <subfield code="1">0</subfield>
    <subfield code="4">0</subfield>
    <subfield code="7">0</subfield>
    <subfield code="a">BCEJYS</subfield>
    <subfield code="b">BCEJYS</subfield>
    <subfield code="c">17</subfield>
    <subfield code="d">1989-03-01</subfield>
    <subfield code="h">A&#xF1;o II, N&#xBA; 20 - mar. 1989</subfield>
    <subfield code="l">0</subfield>
    <subfield code="o">H338 SOB 20</subfield>
    <subfield code="p">R13030</subfield>
    <subfield code="r">2026-04-10 16:08:34</subfield>
    <subfield code="w">2026-04-10</subfield>
    <subfield code="y">RN</subfield>
  </datafield>
  <datafield tag="952" ind1=" " ind2=" ">
    <subfield code="0">0</subfield>
    <subfield code="1">0</subfield>
    <subfield code="4">0</subfield>
    <subfield code="7">0</subfield>
    <subfield code="a">BCEJYS</subfield>
    <subfield code="b">BCEJYS</subfield>
    <subfield code="c">17</subfield>
    <subfield code="d">1989-01-01</subfield>
    <subfield code="h">A&#xF1;o II, N&#xBA; 18 - ene. 1989</subfield>
    <subfield code="l">0</subfield>
    <subfield code="o">H338 SOB 18</subfield>
    <subfield code="p">R13029</subfield>
    <subfield code="r">2026-04-10 16:08:34</subfield>
    <subfield code="w">2026-04-10</subfield>
    <subfield code="y">RN</subfield>
  </datafield>
  <datafield tag="952" ind1=" " ind2=" ">
    <subfield code="0">0</subfield>
    <subfield code="1">0</subfield>
    <subfield code="4">0</subfield>
    <subfield code="7">0</subfield>
    <subfield code="a">BCEJYS</subfield>
    <subfield code="b">BCEJYS</subfield>
    <subfield code="c">17</subfield>
    <subfield code="d">1988-11-01</subfield>
    <subfield code="h">A&#xF1;o II, N&#xBA; 16 - nov. 1988</subfield>
    <subfield code="l">0</subfield>
    <subfield code="o">H338 SOB 16</subfield>
    <subfield code="p">R13028</subfield>
    <subfield code="r">2026-04-10 16:08:34</subfield>
    <subfield code="w">2026-04-10</subfield>
    <subfield code="y">RN</subfield>
  </datafield>
  <datafield tag="952" ind1=" " ind2=" ">
    <subfield code="0">0</subfield>
    <subfield code="1">0</subfield>
    <subfield code="4">0</subfield>
    <subfield code="7">0</subfield>
    <subfield code="a">BCEJYS</subfield>
    <subfield code="b">BCEJYS</subfield>
    <subfield code="c">17</subfield>
    <subfield code="d">1988-10-01</subfield>
    <subfield code="h">A&#xF1;o II, N&#xBA; 15 - oct. 1988</subfield>
    <subfield code="l">0</subfield>
    <subfield code="o">H338 SOB 15</subfield>
    <subfield code="p">R13027</subfield>
    <subfield code="r">2026-04-10 16:08:34</subfield>
    <subfield code="w">2026-04-10</subfield>
    <subfield code="y">RN</subfield>
  </datafield>
  <datafield tag="952" ind1=" " ind2=" ">
    <subfield code="0">0</subfield>
    <subfield code="1">0</subfield>
    <subfield code="4">0</subfield>
    <subfield code="7">0</subfield>
    <subfield code="a">BCEJYS</subfield>
    <subfield code="b">BCEJYS</subfield>
    <subfield code="c">17</subfield>
    <subfield code="d">1988-09-01</subfield>
    <subfield code="h">A&#xF1;o II, N&#xBA; 14 - sep. 1988</subfield>
    <subfield code="l">0</subfield>
    <subfield code="o">H338 SOB 14</subfield>
    <subfield code="p">R13026</subfield>
    <subfield code="r">2026-04-10 16:08:34</subfield>
    <subfield code="w">2026-04-10</subfield>
    <subfield code="y">RN</subfield>
  </datafield>
  <datafield tag="952" ind1=" " ind2=" ">
    <subfield code="0">0</subfield>
    <subfield code="1">0</subfield>
    <subfield code="4">0</subfield>
    <subfield code="7">0</subfield>
    <subfield code="a">BCEJYS</subfield>
    <subfield code="b">BCEJYS</subfield>
    <subfield code="c">17</subfield>
    <subfield code="d">1988-08-01</subfield>
    <subfield code="h">A&#xF1;o II, N&#xBA; 13 - ago. 1988</subfield>
    <subfield code="l">0</subfield>
    <subfield code="o">H338 SOB 13</subfield>
    <subfield code="p">R13025</subfield>
    <subfield code="r">2026-04-10 16:08:34</subfield>
    <subfield code="w">2026-04-10</subfield>
    <subfield code="y">RN</subfield>
  </datafield>
  <datafield tag="952" ind1=" " ind2=" ">
    <subfield code="0">0</subfield>
    <subfield code="1">0</subfield>
    <subfield code="4">0</subfield>
    <subfield code="7">0</subfield>
    <subfield code="a">BCEJYS</subfield>
    <subfield code="b">BCEJYS</subfield>
    <subfield code="c">17</subfield>
    <subfield code="d">1988-07-01</subfield>
    <subfield code="h">A&#xF1;o II, N&#xBA; 12 - jul. 1988</subfield>
    <subfield code="l">0</subfield>
    <subfield code="o">H338 SOB 12</subfield>
    <subfield code="p">R13024</subfield>
    <subfield code="r">2026-04-10 16:08:34</subfield>
    <subfield code="w">2026-04-10</subfield>
    <subfield code="y">RN</subfield>
  </datafield>
  <datafield tag="952" ind1=" " ind2=" ">
    <subfield code="0">0</subfield>
    <subfield code="1">0</subfield>
    <subfield code="4">0</subfield>
    <subfield code="7">0</subfield>
    <subfield code="a">BCEJYS</subfield>
    <subfield code="b">BCEJYS</subfield>
    <subfield code="c">17</subfield>
    <subfield code="d">1988-06-01</subfield>
    <subfield code="h">A&#xF1;o I, N&#xBA; 11 - jun. 1988</subfield>
    <subfield code="l">0</subfield>
    <subfield code="o">H338 SOB 11</subfield>
    <subfield code="p">R13976</subfield>
    <subfield code="r">2026-04-10 16:08:34</subfield>
    <subfield code="w">2026-04-10</subfield>
    <subfield code="y">RN</subfield>
  </datafield>
  <datafield tag="952" ind1=" " ind2=" ">
    <subfield code="0">0</subfield>
    <subfield code="1">0</subfield>
    <subfield code="4">0</subfield>
    <subfield code="7">0</subfield>
    <subfield code="a">BCEJYS</subfield>
    <subfield code="b">BCEJYS</subfield>
    <subfield code="c">17</subfield>
    <subfield code="d">1988-05-01</subfield>
    <subfield code="h">A&#xF1;o I, N&#xBA; 10 - mayo 1988</subfield>
    <subfield code="l">0</subfield>
    <subfield code="o">H338 SOB 10</subfield>
    <subfield code="p">R13023</subfield>
    <subfield code="r">2026-04-10 16:08:34</subfield>
    <subfield code="w">2026-04-10</subfield>
    <subfield code="y">RN</subfield>
  </datafield>
  <datafield tag="952" ind1=" " ind2=" ">
    <subfield code="0">0</subfield>
    <subfield code="1">0</subfield>
    <subfield code="4">0</subfield>
    <subfield code="7">0</subfield>
    <subfield code="a">BCEJYS</subfield>
    <subfield code="b">BCEJYS</subfield>
    <subfield code="c">17</subfield>
    <subfield code="d">1988-04-01</subfield>
    <subfield code="h">A&#xF1;o I, N&#xBA; 9 - abr. 1988</subfield>
    <subfield code="l">0</subfield>
    <subfield code="o">H338 SOB 9</subfield>
    <subfield code="p">R14992</subfield>
    <subfield code="r">2026-04-10 16:08:34</subfield>
    <subfield code="w">2026-04-10</subfield>
    <subfield code="y">RN</subfield>
  </datafield>
  <datafield tag="952" ind1=" " ind2=" ">
    <subfield code="0">0</subfield>
    <subfield code="1">0</subfield>
    <subfield code="4">0</subfield>
    <subfield code="7">0</subfield>
    <subfield code="a">BCEJYS</subfield>
    <subfield code="b">BCEJYS</subfield>
    <subfield code="c">17</subfield>
    <subfield code="d">1988-03-01</subfield>
    <subfield code="h">A&#xF1;o I, N&#xBA; 8 - mar. 1988</subfield>
    <subfield code="l">0</subfield>
    <subfield code="o">H338 SOB 8</subfield>
    <subfield code="p">R13022</subfield>
    <subfield code="r">2026-04-10 16:08:34</subfield>
    <subfield code="w">2026-04-10</subfield>
    <subfield code="y">RN</subfield>
  </datafield>
  <datafield tag="952" ind1=" " ind2=" ">
    <subfield code="0">0</subfield>
    <subfield code="1">0</subfield>
    <subfield code="4">0</subfield>
    <subfield code="7">0</subfield>
    <subfield code="a">BCEJYS</subfield>
    <subfield code="b">BCEJYS</subfield>
    <subfield code="c">17</subfield>
    <subfield code="d">1988-02-01</subfield>
    <subfield code="h">A&#xF1;o I, N&#xBA; 7 - feb. 1988</subfield>
    <subfield code="l">0</subfield>
    <subfield code="o">H338 SOB 7</subfield>
    <subfield code="p">R12985</subfield>
    <subfield code="r">2026-04-10 16:08:34</subfield>
    <subfield code="w">2026-04-10</subfield>
    <subfield code="y">RN</subfield>
  </datafield>
  <datafield tag="952" ind1=" " ind2=" ">
    <subfield code="0">0</subfield>
    <subfield code="1">0</subfield>
    <subfield code="4">0</subfield>
    <subfield code="7">0</subfield>
    <subfield code="a">BCEJYS</subfield>
    <subfield code="b">BCEJYS</subfield>
    <subfield code="c">17</subfield>
    <subfield code="d">1988-01-01</subfield>
    <subfield code="h">A&#xF1;o I, N&#xBA; 6 - ene. 1988</subfield>
    <subfield code="l">0</subfield>
    <subfield code="o">H338 SOB 6</subfield>
    <subfield code="p">R14991</subfield>
    <subfield code="r">2026-04-10 16:08:34</subfield>
    <subfield code="w">2026-04-10</subfield>
    <subfield code="y">RN</subfield>
  </datafield>
  <datafield tag="952" ind1=" " ind2=" ">
    <subfield code="0">0</subfield>
    <subfield code="1">0</subfield>
    <subfield code="4">0</subfield>
    <subfield code="7">0</subfield>
    <subfield code="a">BCEJYS</subfield>
    <subfield code="b">BCEJYS</subfield>
    <subfield code="c">17</subfield>
    <subfield code="d">1987-12-01</subfield>
    <subfield code="h">A&#xF1;o I, N&#xBA; 5 - dic. 1987</subfield>
    <subfield code="l">0</subfield>
    <subfield code="o">H338 SOB 5</subfield>
    <subfield code="p">R14990</subfield>
    <subfield code="r">2026-04-10 16:08:34</subfield>
    <subfield code="w">2026-04-10</subfield>
    <subfield code="y">RN</subfield>
  </datafield>
  <datafield tag="952" ind1=" " ind2=" ">
    <subfield code="0">0</subfield>
    <subfield code="1">0</subfield>
    <subfield code="4">0</subfield>
    <subfield code="7">0</subfield>
    <subfield code="a">BCEJYS</subfield>
    <subfield code="b">BCEJYS</subfield>
    <subfield code="c">17</subfield>
    <subfield code="d">1987-11-01</subfield>
    <subfield code="h">A&#xF1;o I, N&#xBA; 4 - nov. 1987</subfield>
    <subfield code="l">0</subfield>
    <subfield code="o">H338 SOB 4</subfield>
    <subfield code="p">R14989</subfield>
    <subfield code="r">2026-04-10 16:08:34</subfield>
    <subfield code="w">2026-04-10</subfield>
    <subfield code="y">RN</subfield>
  </datafield>
</record>
